000
00244nam a2200097Ia 4500
001
683347
005
20250826161436.0
008
250824s9999 xx 000 0 und d
245
0
_a
İNCİR ÇEKİRDEĞİ
_c
HALUK DURSUN
260
_b
TİMAŞ YAYINLARI
999
_c
683347
_d
683347